Statistics for Devil May Cry 5 Quiz

Click here to take the quiz!

General Stats

  • This quiz has been taken 250 times
  • The average score is 10 of 13

Answer Stats

HintAnswer% Correct
Urizen is the demon half of who?Vergil
96%
Vergil uses what to separate his two halves?Yamato
90%
Who was inside the Artemis?Lady
86%
What two devil arms does Dante begin the game with?Rebellion/Balrog
86%
V has how many demons at his disposal?three
85%
Dante fuses with what sword to unlock his "sin" form?Rebellion
84%
Nero is called this at the beginning of the game?Dead weight
83%
Who was inside Cavaliere Angelo?Trish
81%
Cavaliere is what type of vehicleMotorcycle
77%
Dante unlocks this after stabbing himselfSin Devil trigger
77%
Dante was comatose for how long?a month
59%
What is the last devil arm Dante unlocks?King Cerberus
38%
Nero obtains this in mission 20Devil Bringer
21%

Score Distribution

Percentile by Number Answered

Percent of People with Each Score

Your Score History

You have not taken this quiz